<?xml version="1.0" encoding="UTF-8"?>
<collection xmlns="http://www.loc.gov/MARC21/slim">
  <record>
    <leader>00000nam  2200000   4500</leader>
    <controlfield tag="001">INLIS000000000020688</controlfield>
    <controlfield tag="005">20250730084451</controlfield>
    <datafield tag="035" ind1="#" ind2="#">
      <subfield code="a">0010-0725000218</subfield>
    </datafield>
    <controlfield tag="007">ta</controlfield>
    <controlfield tag="008">250730################|##########|#|##</controlfield>
    <datafield tag="084" ind1="#" ind2="#">
      <subfield code="a">R 0138 PKN I 2024</subfield>
    </datafield>
    <datafield tag="100" ind1=" " ind2="#">
      <subfield code="a">Membangun Kepariwisataan Indonesia Yang Berdaya Saing Dan Berkelanjutan Melalui Grand Design Travel dan Tourism Strategies</subfield>
    </datafield>
    <datafield tag="245" ind1="1" ind2="#">
      <subfield code="a">Membangun Kepariwisataan Indonesia Yang Berdaya Saing Dan Berkelanjutan Melalui Grand Design Travel dan Tourism Strategies /</subfield>
      <subfield code="c">Membangun Kepariwisataan Indonesia Yang Berdaya Saing Dan Berkelanjutan Melalui Grand Design Travel dan Tourism Strategies</subfield>
    </datafield>
    <datafield tag="250" ind1="#" ind2="#">
      <subfield code="a">1</subfield>
    </datafield>
    <datafield tag="260" ind1="#" ind2="#">
      <subfield code="a">Jakarta :</subfield>
      <subfield code="b">Pusbangkom Pimnas,</subfield>
      <subfield code="c">2024</subfield>
    </datafield>
    <datafield tag="300" ind1="#" ind2="#">
      <subfield code="a">80 :</subfield>
      <subfield code="b">ilus ;</subfield>
      <subfield code="c">29 x 21 x 0,5</subfield>
    </datafield>
    <datafield tag="520" ind1="#" ind2="#">
      <subfield code="a">Berdasarkan hasil TTDI 2024, Indonesia kini berada&#13;
di peringkat 22 dari 119 negara, menunjukkan&#13;
peningkatan signifikan dari peringkat 70 pada 2013&#13;
dan 36 pada 2019.&#13;
Performa kuat tercatat pada pilar Price&#13;
Competitiveness, Ground &amp; Port Infrastructure, serta&#13;
Travel &amp; Tourism Demand Sustainability. Namun,&#13;
ada beberapa pilar yang menunjukkan penurunan,&#13;
seperti Safety &amp; Security, Prioritization of T&amp;T,&#13;
Openness to T&amp;T, dan Air Transport Infrastructure.&#13;
Urgensi pembangunan sektor kepariwisataan di&#13;
Indonesia sangat tinggi, mengingat kontribusi&#13;
signifikan sektor ini terhadap ekonomi nasional,&#13;
pengembangan sosial-budaya, serta pelestarian&#13;
lingkungan. Faktor-faktor prioritas meliputi&#13;
peningkatan kontribusi ekonomi, pembangunan&#13;
infrastruktur dan investasi, peningkatan daya saing&#13;
global, serta pengelolaan pariwisata berkelanjutan&#13;
berbasis inovasi.</subfield>
    </datafield>
    <datafield tag="856" ind1="#" ind2="#">
      <subfield code="a">Perpustakaan Pusat LAN</subfield>
    </datafield>
    <datafield tag="990" ind1="#" ind2="#">
      <subfield code="a">2024/1.2,2/A/0139</subfield>
    </datafield>
  </record>
</collection>
